000 00350nam a2200133Ia 4500
008 240624s9999 xx 000 0 und d
041 _aeng
082 _a658.8 NIR
100 _aNIRELL LISA
245 _aMINDFUL MARKETER HOW TO STAY PRESENT AND
260 _c2014
_aNew York
_bPalgrave Macmillan
300 _axv, 224 p.; 23 cm.
365 _cERU
_b38
999 _c31626
_d31626